000 00773nam a22002177a 4500
999 _c65545
_d65545
005 20240530110830.0
008 190903s2005 ua a g b 000 0 ara d
017 _bمصر. دار الكتب
_a2005\5087
040 _aEG-CaGPL
_cEG-CaGPL
082 0 4 _221
_a808.2 \
_bخ ل
100 0 _aحمادة ابراهيم
245 1 2 _aاللغة الدرامية :
_bالعناصر غير المنطوقة والعناصر المنطوقة /
_cحمادة ابراهيم
250 _aط.1
260 _aالقاهرة :
_bالمجلس الاعلى للثقافة،
_c2005
300 _a271 ص. ؛
_c24 سم.
650 0 7 _2qrmak
_aالدراما
650 0 7 _aالديكور
_2qrmak
651 _2qrmak
942 _2ddc
_cBK